Diccionario Histórico Geográfico de la América Meridional

Saved in:
Bibliographic Details
Main Author: Coleti, S. J., Juan Domingo (Author)
Format: Book
Language:Spanish
Published: Quito Banco de La República 1974
Edition:2a. ed
Subjects:
Tags: Add Tag
No Tags, Be the first to tag this record!

MARC

LEADER 00000nam a2200000 a 4500
001 UCJ7261
003 CL-VaPUC
008 070124e19740000EC |||||||||||||||||spa|d
082 0 4 |a 980  |b COL  |2 21 
100 0 |a Coleti, S. J., Juan Domingo  |e author  |9 515516 
245 1 0 |a Diccionario Histórico Geográfico de la América Meridional 
250 |a 2a. ed 
300 |a 2 v 
942 |c BK 
945 |d 20070124 00:00:00  |a rinostro 
260 |a Quito  |b Banco de La República  |c 1974 
650 0 |a Geografía  |9 259346 
650 7 |a DICCIONARIO  |2 CL-VaPUC  |9 515517 
650 0 |a Historia urbana  |9 265140 
650 7 |a BIOGRAFIA  |2 CL-VaPUC  |9 504622 
651 0 |a América del Sur  |9 260128 
583 |a last modification  |c 20070124 00:00:00  |k Rodrigo Vera 
999 |c 323357  |d 323355 
952 |0 0  |1 0  |4 0  |6 980_000000000000000_COL_1974  |7 0  |8 X  |9 402875  |a FDOBUD  |b FDOBUD  |d 2019-11-22  |h v.1  |i 1060740  |o 980 COL 1974  |p 1060740  |r 2019-11-22  |w 2019-11-22  |y BK_X  |k BUD 
952 |0 0  |1 0  |4 0  |6 980_000000000000000_COL_1974  |7 0  |8 X  |9 402876  |a FDOBUD  |b FDOBUD  |d 2019-11-22  |h v.2  |i 1060759  |o 980 COL 1974  |p 1060759  |r 2019-11-22  |w 2019-11-22  |y BK_X  |k BUD